000 00856nam a2200229 a 4500
001 64345
003 BD-RjUL
005 20211209081309.0
008 170214s1991 ii ||||| |||| 00| 1 ben d
020 _c: Tk. 25.00
035 _a(BD-RjUL)64475
040 _aBD-RjUL
_bben
_cBD-RjUL
041 _aben
082 _223
_a891.44309
_bHAP 1991
100 1 _aহালদার, গোপাল
_9191002
245 1 0 _aপ্রসঙ্গ :
_bবিদ্যাসাগর /
_cগোপাল হালদার
260 _aকলকাতা :
_bঅরুণা প্রকাশনী,
_c১৯৯১
300 _a১৫৩ পৃ. ;
_c২১ সেমি .
650 _aবাংলা উপন্যাস
_xইতিহাস ও সমালোচনা
_9179529
650 _aBengali Fiction
_xHistory and Criticism
_9188742
942 _2ddc
_cBK
999 _c64345
_d64345